Estrategias para la universalización de la cobertura del sistema de pensiones
Este estudio analiza la dimensión política de las reformas para identificar y analizar los factores que intervienen en su factibilidad. Se propone un marco de análisis basado en una perspectiva de economía política en el que se definen tres grupos de variables y su interrelación. El primer grupo com...
Gorde:
| Egile nagusia: | |
|---|---|
| Formatua: | Texto |
| Hizkuntza: | Spanish |
| Argitaratua: |
Coyoacán:
CEPAL. FLACSO
|
| Gaiak: | |
| Etiketak: |
Etiketa erantsi
Etiketarik gabe, Izan zaitez lehena erregistro honi etiketa jartzen!
|
MARC
| LEADER | 00000 a a2200000 04500 | ||
|---|---|---|---|
| 001 | 37226 | ||
| 003 | cru CIDCACS/IIS | ||
| 005 | 20170405170206.0 | ||
| 007 | ta | ||
| 008 | 170405b2006 MX ||||| |||| 00| 0 spa d | ||
| 020 | |a 9709967053 | ||
| 040 | |a cru CIDCACS/IIS |c cru CIDCACS/IIS | ||
| 090 | |a 05.03.04 S683d | ||
| 100 | 1 | |a Durán Valverde, Fabio |9 3944 | |
| 245 | |a Estrategias para la universalización de la cobertura del sistema de pensiones |c Fabio Durán Valverde | ||
| 260 | |a Coyoacán: |b CEPAL. FLACSO | ||
| 300 | |a 441-480 páginas | ||
| 520 | |a Este estudio analiza la dimensión política de las reformas para identificar y analizar los factores que intervienen en su factibilidad. Se propone un marco de análisis basado en una perspectiva de economía política en el que se definen tres grupos de variables y su interrelación. El primer grupo comprende el contexto político institucional del país promotor de la reforma el segundo las variables relacionadas con el proceso de reforma desde una perspectiva de políticas públicas y el tercero las estrategias adoptadas por los reformadores para aumentar y proteger la factibilidad política de sus iniciativas | ||
| 650 | |a POLITICA SOCIAL | ||
| 650 | |a AMERICA LATINA | ||
| 942 | |2 ddc |c LI | ||
| 999 | |c 12217 |d 12217 | ||



